[Event "chess.com Speed 1m+1spm 2017"]
[Site "chess.com INT"]
[Date "2017.05.25"]
[Round "1.25"]
[White "So, Wesley"]
[Black "Giri, Anish"]
[Result "1/2-1/2"]
[WhiteTitle "GM"]
[BlackTitle "GM"]
[WhiteElo "2815"]
[BlackElo "2785"]
[WhiteFideId "5202213"]
[BlackFideId "24116068"]
[EventDate "2017.05.03"]

1. d4 Nf6 2. Nf3 d5 3. c4 c6 4. Nc3 dxc4 5. a4 a5 6. e4 Bg4 7. Bxc4 e6 8. Be3
Nbd7 9. h3 Bh5 10. O-O Bb4 11. Bd3 O-O 12. Qc2 Bxf3 13. gxf3 e5 14. dxe5 Nxe5
15. Be2 Ng6 16. f4 Bxc3 17. bxc3 Qe7 18. Bf3 Rae8 19. e5 Nd5 20. Bxd5 cxd5 21.
Rad1 Nh4 22. Qe2 f6 23. Rxd5 fxe5 24. Rxe5 Nf3+ 25. Qxf3 Qxe5 26. fxe5 Rxf3 27.
Bd4 Rxh3 28. Rb1 Re7 29. Rb5 Rh6 30. Rxa5 Ra6 31. Rd5 Rxa4 32. Kg2 Kf7 33. f4
Ke6 34. Rd8 Ra1 35. Kf3 Rf1+ 36. Ke4 Re1+ 37. Be3 g6 38. Rf8 Rc7 39. Kd3 Rd1+
40. Ke2 Rd5 41. Bd4 Rf7 42. Re8+ Kd7 43. Rh8 Rxf4 44. Rxh7+ Kc6 45. Rg7 Rg4 46.
Kf3 Rg5 47. Kf4 Rf5+ 48. Ke4 Rg5 49. Kf4 Rf5+ 50. Ke4 Rg5 51. Kf4 1/2-1/2

[Event "chess.com Speed 5m+2spm 2017"]
[Site "chess.com INT"]
[Date "2017.08.03"]
[Round "1.2"]
[White "Grischuk, Alexander"]
[Black "Rapport, Richard"]
[Result "1-0"]
[WhiteTitle "GM"]
[BlackTitle "GM"]
[WhiteElo "2750"]
[BlackElo "2698"]
[WhiteFideId "4126025"]
[BlackFideId "738590"]
[EventDate "2017.05.03"]

1. e4 d5 2. exd5 Qxd5 3. Nc3 Qa5 4. d4 Nf6 5. Bc4 Bg4 6. Ne2 e6 7. Bd2 c6 8. f3
Bf5 9. g4 Bg6 10. Nf4 Qb6 11. Bb3 Qxd4 12. Qe2 Bd6 13. Be3 Qb4 14. a3 Qa5 15. h4
e5 16. O-O-O Be7 17. h5 Bxc2 18. Kxc2 exf4 19. Bxf4 Na6 20. Rhe1 O-O 21. Qxe7
Rae8 22. Qd6 1-0

[Event "chess.com Speed 5m+2spm 2017"]
[Site "chess.com INT"]
[Date "2017.08.03"]
[Round "1.3"]
[White "Rapport, Richard"]
[Black "Grischuk, Alexander"]
[Result "1/2-1/2"]
[WhiteTitle "GM"]
[BlackTitle "GM"]
[WhiteElo "2698"]
[BlackElo "2750"]
[WhiteFideId "738590"]
[BlackFideId "4126025"]
[EventDate "2017.05.03"]

1. d4 Nf6 2. c3 g6 3. Bg5 Bg7 4. Nd2 d5 5. e3 O-O 6. Ngf3 c5 7. Be2 cxd4 8. cxd4
Nc6 9. O-O Qb6 10. Qb3 Qxb3 11. Nxb3 Ne4 12. Bh4 e5 13. Bb5 exd4 14. Nfxd4 Nxd4
15. Nxd4 g5 16. Bg3 Nxg3 17. hxg3 Bxd4 18. exd4 Kg7 19. Rac1 Be6 20. Rc7 Rab8
21. f4 gxf4 22. gxf4 Rfc8 23. Rxc8 Bxc8 24. Rc1 Bf5 25. Kf2 Kf6 26. Rc5 Rc8 27.
Rxc8 1/2-1/2

[Event "chess.com Speed 5m+2spm 2017"]
[Site "chess.com INT"]
[Date "2017.08.03"]
[Round "1.4"]
[White "Grischuk, Alexander"]
[Black "Rapport, Richard"]
[Result "0-1"]
[WhiteTitle "GM"]
[BlackTitle "GM"]
[WhiteElo "2750"]
[BlackElo "2698"]
[WhiteFideId "4126025"]
[BlackFideId "738590"]
[EventDate "2017.05.03"]

1. e4 g6 2. d4 Nf6 3. e5 Nh5 4. Nf3 d6 5. Bc4 c6 6. Ng5 d5 7. Be2 Ng7 8. O-O h6
9. Nf3 Bg4 10. h3 Bxf3 11. Bxf3 e6 12. a4 Nf5 13. c3 h5 14. b4 a5 15. b5 c5 16.
dxc5 Bxc5 17. c4 Nd7 18. cxd5 Nxe5 19. Bb2 Qf6 20. Bxe5 Qxe5 21. dxe6 Rd8 22.
exf7+ Kxf7 23. Qb3+ Kg7 24. Ra2 Nd4 25. Qd1 Rhf8 26. Bxb7 Nf3+ 27. Qxf3 Rxf3 28.
Bxf3 Qf4 29. Bc6 h4 30. Nc3 Bd6 31. Rd1 Qc4 32. Rc2 Bh2+ 33. Kxh2 Rxd1 34. Nxd1
Qxc2 35. Ne3 Qxf2 36. Nd5 Qg3+ 37. Kh1 Qa3 38. Kh2 Qxa4 39. Nb6 Qf4+ 40. Kh1 a4 0-1

[Event "chess.com Speed 5m+2spm 2017"]
[Site "chess.com INT"]
[Date "2017.08.03"]
[Round "1.5"]
[White "Rapport, Richard"]
[Black "Grischuk, Alexander"]
[Result "1/2-1/2"]
[WhiteTitle "GM"]
[BlackTitle "GM"]
[WhiteElo "2698"]
[BlackElo "2750"]
[WhiteFideId "738590"]
[BlackFideId "4126025"]
[EventDate "2017.05.03"]

1. d4 Nf6 2. Nc3 d5 3. Bf4 e6 4. e3 Bb4 5. Ne2 Nh5 6. a3 Be7 7. Be5 Nd7 8. Ng3
Nhf6 9. Bf4 a6 10. Bd3 c5 11. O-O O-O 12. Re1 b5 13. Nh5 Bb7 14. Nxf6+ Nxf6 15.
dxc5 Bxc5 16. e4 dxe4 17. Nxe4 Bxe4 18. Bxe4 Qxd1 19. Raxd1 Nxe4 20. Rxe4 Rfd8
21. Ree1 Kf8 22. Kf1 Ke7 23. Ke2 f6 24. Be3 Bxe3 25. Kxe3 g5 26. h4 gxh4 27.
Rxd8 Rxd8 28. Rh1 Rc8 29. Rxh4 Rxc2 30. Rxh7+ Kd6 31. Ra7 Rxb2 32. Rxa6+ Ke5 33.
a4 Rb3+ 34. Ke2 bxa4 35. Rxa4 1/2-1/2

[Event "chess.com Speed 5m+2spm 2017"]
[Site "chess.com INT"]
[Date "2017.08.03"]
[Round "1.6"]
[White "Grischuk, Alexander"]
[Black "Rapport, Richard"]
[Result "1-0"]
[WhiteTitle "GM"]
[BlackTitle "GM"]
[WhiteElo "2750"]
[BlackElo "2698"]
[WhiteFideId "4126025"]
[BlackFideId "738590"]
[EventDate "2017.05.03"]

1. e4 g6 2. d4 Nf6 3. e5 Nh5 4. Nf3 d6 5. Bc4 c6 6. Ng5 d5 7. Be2 Ng7 8. O-O h6
9. Nf3 Bg4 10. Nbd2 e6 11. h3 h5 12. Nb3 Bxf3 13. Bxf3 Nf5 14. Bd2 h4 15. a4 Na6
16. a5 Bh6 17. Be1 Bf4 18. c3 O-O 19. Nc1 f6 20. Nd3 fxe5 21. Nxe5 Bxe5 22. dxe5
Nc5 23. Qe2 Nb3 24. Ra4 Nxa5 25. Rg4 Kf7 26. Bd2 Qb6 27. Bg5 Nc4 28. b4 Ng3 29.
Qc2 Nxe5 30. Be3 Nxg4 31. Bxb6 axb6 32. Bxg4 Nxf1 33. Qd1 Ng3 34. fxg3 hxg3 35.
Qf3+ Ke7 36. Qxg3 Kd7 37. Qe5 Rfe8 38. Qg7+ Re7 39. Qxg6 Ra3 40. Qf6 c5 41. Qe5 1-0

[Event "chess.com Speed 5m+2spm 2017"]
[Site "chess.com INT"]
[Date "2017.08.03"]
[Round "1.7"]
[White "Rapport, Richard"]
[Black "Grischuk, Alexander"]
[Result "0-1"]
[WhiteTitle "GM"]
[BlackTitle "GM"]
[WhiteElo "2698"]
[BlackElo "2750"]
[WhiteFideId "738590"]
[BlackFideId "4126025"]
[EventDate "2017.05.03"]

1. d4 Nf6 2. c3 g6 3. Bg5 Bg7 4. e3 O-O 5. Nd2 d5 6. Ngf3 c5 7. Be2 b6 8. O-O
Nc6 9. h3 Bb7 10. Bf4 Nd7 11. Bb5 a6 12. Ba4 b5 13. Bb3 e5 14. Bg5 Qb6 15. Bxd5
exd4 16. cxd4 cxd4 17. Nb3 d3 18. Qd2 Nce5 19. Bxb7 Qxb7 20. Nbd4 Nxf3+ 21. Nxf3
Nc5 22. Bf4 Rfd8 23. Be5 Ne4 24. Qd1 Bxe5 25. Nxe5 Qd5 26. Nf3 Nc5 27. Nd4 Ne6
28. Qxd3 Nxd4 29. exd4 Qxd4 30. Qb3 Qd5 31. Qa3 Qd3 32. Qa5 Rd6 33. a4 Rc8 34.
axb5 Qxb5 35. b4 Rc4 36. Qxb5 axb5 37. Rfb1 Rd2 38. Ra8+ Kg7 39. Rb8 Rcc2 40.
Rxb5 Rxf2 41. Rg5 f5 42. h4 Kf6 43. Rb3 Rfd2 44. b5 h6 45. Rgg3 f4 46. Rgf3
Rxg2+ 47. Kf1 Rh2 48. Kg1 Rcg2+ 49. Kf1 g5 50. b6 Rb2 51. hxg5+ hxg5 52. Kg1
Rhc2 53. Rxb2 Rxb2 54. Rh3 Kg6 0-1

[Event "chess.com Speed 5m+2spm 2017"]
[Site "chess.com INT"]
[Date "2017.08.03"]
[Round "1.8"]
[White "Grischuk, Alexander"]
[Black "Rapport, Richard"]
[Result "0-1"]
[WhiteTitle "GM"]
[BlackTitle "GM"]
[WhiteElo "2750"]
[BlackElo "2698"]
[WhiteFideId "4126025"]
[BlackFideId "738590"]
[EventDate "2017.05.03"]

1. e4 d6 2. d4 Nf6 3. Nc3 e5 4. Nf3 exd4 5. Nxd4 Be7 6. Be2 O-O 7. Bf4 Re8 8.
Qd2 Bf8 9. f3 Nc6 10. O-O-O Nxd4 11. Qxd4 Be6 12. Kb1 Nd7 13. g4 a6 14. h4 b5
15. g5 b4 16. Nd5 a5 17. h5 c6 18. Ne3 Ne5 19. Nf5 c5 20. Qd2 c4 21. Nxd6 c3 22.
Qd4 Bxd6 23. Qxd6 Qxd6 24. Rxd6 Bc4 25. Bd1 cxb2 26. Kxb2 Bb5 27. Rd5 Nc4+ 28.
Kc1 Na3 29. h6 Bc4 30. Rc5 Bxa2 31. hxg7 Rec8 32. Rxc8+ Rxc8 33. Be5 Bb3 34. f4
Bxc2 35. Bxc2 Rxc2+ 36. Kd1 b3 37. Rh3 a4 38. f5 Nc4 39. g6 fxg6 40. fxg6 h5 41.
Bf6 Rd2+ 42. Ke1 b2 43. Bxb2 Rxb2 44. Rxh5 a3 0-1

[Event "chess.com Speed 5m+2spm 2017"]
[Site "chess.com INT"]
[Date "2017.08.03"]
[Round "1.9"]
[White "Rapport, Richard"]
[Black "Grischuk, Alexander"]
[Result "1/2-1/2"]
[WhiteTitle "GM"]
[BlackTitle "GM"]
[WhiteElo "2698"]
[BlackElo "2750"]
[WhiteFideId "738590"]
[BlackFideId "4126025"]
[EventDate "2017.05.03"]

1. d4 Nf6 2. Nf3 g6 3. Nc3 d5 4. Bf4 Bg7 5. Nb5 Na6 6. e3 O-O 7. h3 Ne4 8. Nd2
Nd6 9. Nc3 c5 10. Be5 cxd4 11. Bxg7 Kxg7 12. exd4 Nb4 13. a3 Nc6 14. Nf3 Ne4 15.
Bd3 Nxc3 16. bxc3 Qd6 17. O-O e5 18. dxe5 Nxe5 19. Nxe5 Qxe5 20. c4 Be6 21. cxd5
Bxd5 22. Qg4 h5 23. Rae1 Qf6 24. Qg3 Rfe8 25. Bb5 Re4 26. Rxe4 Bxe4 27. Re1 Bxc2
28. Qc7 Bf5 29. Qxb7 1/2-1/2

[Event "chess.com Speed 3m+2spm 2017"]
[Site "chess.com INT"]
[Date "2017.08.03"]
[Round "1.10"]
[White "Grischuk, Alexander"]
[Black "Rapport, Richard"]
[Result "0-1"]
[WhiteTitle "GM"]
[BlackTitle "GM"]
[WhiteElo "2750"]
[BlackElo "2698"]
[WhiteFideId "4126025"]
[BlackFideId "738590"]
[EventDate "2017.05.03"]

1. e4 d5 2. exd5 Qxd5 3. Nc3 Qd6 4. d4 Nf6 5. Nf3 c6 6. Be3 Bg4 7. h3 Bh5 8. g4
Bg6 9. Ne5 Nbd7 10. Qe2 Nd5 11. f4 Nxc3 12. bxc3 Be4 13. Rg1 Nxe5 14. dxe5 Qa3
15. Bd4 Bd5 16. c4 Bf3 17. Qd3 Qxd3 18. cxd3 e6 19. Kf2 c5 20. Kxf3 cxd4 21. Bg2
O-O-O 22. Rab1 b6 23. a4 Bc5 24. a5 Kd7 25. Rb5 h5 26. g5 g6 27. Rgb1 Rc8 28.
Ke2 Rc7 29. Be4 Rb8 30. Kd1 Ke7 31. Kc2 Kd7 32. axb6 axb6 33. Ra1 Ke7 34. Ra6
Kd7 35. Kb3 Ke7 36. Ka4 Kd7 37. Rb1 Ke7 38. Kb5 Rbc8 39. Rba1 Kd8 40. R1a2 Rb8
41. Ra7 Rbc8 42. R7a6 Rb8 43. Bc6 Rbc8 44. Ra8 Rxc6 45. R2a7 Rxa8 46. Rxa8+ Rc8
47. Ra7 Rc7 48. Ra8+ Ke7 49. Ra6 h4 50. Ra8 Kd7 51. Ra6 Rb7 52. Ra8 Kc7 53. Ra2
Kb8 54. Kc6 Rc7+ 55. Kb5 Kb7 56. Ra4 Be7 0-1

[Event "chess.com Speed 3m+2spm 2017"]
[Site "chess.com INT"]
[Date "2017.08.03"]
[Round "1.11"]
[White "Rapport, Richard"]
[Black "Grischuk, Alexander"]
[Result "0-1"]
[WhiteTitle "GM"]
[BlackTitle "GM"]
[WhiteElo "2698"]
[BlackElo "2750"]
[WhiteFideId "738590"]
[BlackFideId "4126025"]
[EventDate "2017.05.03"]

1. b3 d5 2. Bb2 Bf5 3. d3 e6 4. Nd2 Nf6 5. g3 Be7 6. Bg2 O-O 7. e4 Bg6 8. Nh3 h6
9. O-O Bh7 10. Kh1 a5 11. a4 Na6 12. e5 Nd7 13. f4 Nb4 14. Nf2 c5 15. Re1 Rc8
16. Rc1 Nb6 17. Bf1 c4 18. dxc4 dxc4 19. Nxc4 Nxc4 20. Bxc4 Nxc2 21. Re2 Qxd1+
22. Rxd1 Rfd8 23. Red2 Ne3 24. Rxd8+ Bxd8 25. Rc1 Nxc4 26. bxc4 Bb6 27. Kg2 Be3
28. Re1 Bd2 29. Rd1 Bb4 30. Rd7 Bc2 31. Rxb7 Bxa4 32. Ra7 Rxc4 33. Nd3 Rc2+ 34.
Kh3 Bb5 35. Nxb4 Rxb2 36. Na6 Bf1+ 37. Kg4 Rxh2 38. Kf3 Bxa6 39. Rxa6 Ra2 40.
Ra8+ Kh7 41. Ra7 Kg6 42. g4 a4 43. Ra6 a3 44. f5+ Kg5 45. fxe6 fxe6 46. Rxe6 Ra1
47. Ra6 a2 48. Kg2 Kxg4 49. Kh2 g5 50. e6 Re1 51. Ra4+ Kf5 52. Rxa2 Rxe6 53. Kg3
Re3+ 54. Kf2 Re5 55. Kf3 h5 56. Ra8 g4+ 57. Kg3 Re3+ 58. Kf2 Rf3+ 59. Kg2 Rb3
60. Rg8 Kf4 61. Rf8+ Kg5 62. Rf2 h4 63. Ra2 h3+ 0-1

[Event "chess.com Speed 3m+2spm 2017"]
[Site "chess.com INT"]
[Date "2017.08.03"]
[Round "1.12"]
[White "Grischuk, Alexander"]
[Black "Rapport, Richard"]
[Result "1/2-1/2"]
[WhiteTitle "GM"]
[BlackTitle "GM"]
[WhiteElo "2750"]
[BlackElo "2698"]
[WhiteFideId "4126025"]
[BlackFideId "738590"]
[EventDate "2017.05.03"]

1. e4 d5 2. exd5 Qxd5 3. Nc3 Qd6 4. d4 Nf6 5. Nf3 c6 6. Ne5 Nbd7 7. Nc4 Qc7 8.
Qf3 Nb6 9. Bf4 Qd7 10. Nxb6 axb6 11. O-O-O Qd8 12. h3 e6 13. Bc4 Be7 14. g4 Nd5
15. Be5 Bf6 16. Ne4 Bxe5 17. dxe5 O-O 18. g5 b5 19. Bb3 Qc7 20. Nf6+ Nxf6 21.
exf6 c5 22. fxg7 Re8 23. c3 c4 24. Bc2 Rxa2 25. Rd4 Ra1+ 26. Kd2 Rxh1 27. Bxh7+
Kxg7 28. Qf6+ Kf8 29. Qh8+ Ke7 30. Qf6+ Kf8 31. Qh6+ Ke7 32. Qf6+ 1/2-1/2

[Event "chess.com Speed 3m+2spm 2017"]
[Site "chess.com INT"]
[Date "2017.08.03"]
[Round "1.13"]
[White "Rapport, Richard"]
[Black "Grischuk, Alexander"]
[Result "1/2-1/2"]
[WhiteTitle "GM"]
[BlackTitle "GM"]
[WhiteElo "2698"]
[BlackElo "2750"]
[WhiteFideId "738590"]
[BlackFideId "4126025"]
[EventDate "2017.05.03"]

1. Nf3 Nf6 2. c4 g6 3. Nc3 d5 4. cxd5 Nxd5 5. e4 Nxc3 6. dxc3 Qxd1+ 7. Kxd1 Nd7
8. Kc2 e5 9. Nd2 f6 10. a4 a5 11. Bc4 Nb6 12. Bb3 Bc5 13. f3 Ke7 14. Nf1 Be6 15.
Be3 Nd7 16. Rd1 Bxb3+ 17. Kxb3 Bxe3 18. Nxe3 c6 19. Kc2 Nc5 20. Nc4 Nxa4 21. Ra1
b5 22. b3 bxc4 23. bxa4 Rhd8 24. Rab1 Rd7 25. Rhd1 Rxd1 26. Rxd1 Rb8 27. g4 f5
28. Rb1 Rf8 29. Rb7+ Ke6 30. gxf5+ gxf5 31. Rxh7 fxe4 32. fxe4 Rf4 33. Rh6+ Kd7
34. h4 Rxe4 35. Kd2 Rg4 36. h5 Rh4 37. Rh8 Kd6 38. h6 Kc5 39. h7 Rh3 40. Re8
Rxh7 41. Rxe5+ Kb6 42. Re4 Rh2+ 43. Kc1 Kc5 44. Re5+ Kb6 45. Re4 Kc5 1/2-1/2

[Event "chess.com Speed 3m+2spm 2017"]
[Site "chess.com INT"]
[Date "2017.08.03"]
[Round "1.14"]
[White "Grischuk, Alexander"]
[Black "Rapport, Richard"]
[Result "1-0"]
[WhiteTitle "GM"]
[BlackTitle "GM"]
[WhiteElo "2750"]
[BlackElo "2698"]
[WhiteFideId "4126025"]
[BlackFideId "738590"]
[EventDate "2017.05.03"]

1. e4 e5 2. Nf3 Nc6 3. Bb5 a6 4. Ba4 Nge7 5. c3 d6 6. d4 Bd7 7. Bb3 h6 8. Nbd2
Ng6 9. Nf1 Nh4 10. g3 Ng2+ 11. Ke2 Bh3 12. dxe5 dxe5 13. Qxd8+ Rxd8 14. Ng1 Be6
15. Bxe6 fxe6 16. h4 1-0

[Event "chess.com Speed 3m+2spm 2017"]
[Site "chess.com INT"]
[Date "2017.08.03"]
[Round "1.15"]
[White "Rapport, Richard"]
[Black "Grischuk, Alexander"]
[Result "1/2-1/2"]
[WhiteTitle "GM"]
[BlackTitle "GM"]
[WhiteElo "2698"]
[BlackElo "2750"]
[WhiteFideId "738590"]
[BlackFideId "4126025"]
[EventDate "2017.05.03"]

1. d4 Nf6 2. Bg5 d5 3. e3 c5 4. c3 Qb6 5. Qc2 Nc6 6. Nd2 e5 7. dxe5 Nxe5 8. Ngf3
Nxf3+ 9. gxf3 Be7 10. O-O-O O-O 11. Rg1 Kh8 12. Qb3 Be6 13. c4 Rfd8 14. cxd5
Nxd5 15. Bxe7 Nxe7 16. Qc3 f6 17. Bc4 Qc6 18. Ne4 Nd5 19. Qb3 a6 20. Qa3 b5 21.
Bxd5 Bxd5 22. Qa5 Rd7 23. Rd2 Bxe4 24. Rxd7 Qxd7 25. fxe4 h6 26. Qb6 Rd8 27. a3
c4 28. Kb1 c3 29. Rc1 Qd3+ 30. Ka1 cxb2+ 31. Kxb2 Re8 32. Qxa6 Kh7 33. Qc6 Rxe4
34. Rc2 b4 35. axb4 Rxb4+ 36. Kc1 Qf1+ 37. Kd2 Qxf2+ 38. Kc3 Qh4 39. Kd3 Rg4 40.
Qe6 Qg5 41. Rc8 Rg1 42. Qg8+ Kg6 43. Qe8+ Kh7 44. Qg8+ Kg6 45. Qe8+ Kh7 46. Qg8+
Kg6 1/2-1/2

[Event "chess.com Speed 3m+2spm 2017"]
[Site "chess.com INT"]
[Date "2017.08.03"]
[Round "1.16"]
[White "Grischuk, Alexander"]
[Black "Rapport, Richard"]
[Result "1/2-1/2"]
[WhiteTitle "GM"]
[BlackTitle "GM"]
[WhiteElo "2750"]
[BlackElo "2698"]
[WhiteFideId "4126025"]
[BlackFideId "738590"]
[EventDate "2017.05.03"]

1. e4 g6 2. d4 Nf6 3. f3 d6 4. c4 c5 5. d5 e5 6. Nc3 Nbd7 7. Nh3 a6 8. Nf2 h5 9.
h4 Bh6 10. Bxh6 Rxh6 11. Qd2 Rh8 12. a3 Kf8 13. Rc1 Kg7 14. g3 Rb8 15. b3 Nf8
16. Be2 Bd7 17. b4 cxb4 18. axb4 a5 19. bxa5 Qxa5 20. Nb5 Qxd2+ 21. Kxd2 Bxb5
22. cxb5 N8d7 23. Nd3 Rhc8 24. Rxc8 Rxc8 25. Rc1 Rxc1 26. Kxc1 Nc5 27. Nb2 Nb3+
28. Kd1 Nd4 29. b6 Kf8 30. Nc4 Ke7 31. Ke1 Nd7 32. Kf2 Nc5 33. Bf1 f5 34. Ke3
Nc2+ 35. Kd2 Nd4 36. Ke3 Nc2+ 37. Kd2 Nd4 38. Ke3 1/2-1/2

[Event "chess.com Speed 3m+2spm 2017"]
[Site "chess.com INT"]
[Date "2017.08.03"]
[Round "1.17"]
[White "Rapport, Richard"]
[Black "Grischuk, Alexander"]
[Result "0-1"]
[WhiteTitle "GM"]
[BlackTitle "GM"]
[WhiteElo "2698"]
[BlackElo "2750"]
[WhiteFideId "738590"]
[BlackFideId "4126025"]
[EventDate "2017.05.03"]

1. e4 c5 2. Qh5 Nf6 3. Qh4 Nc6 4. Nf3 d6 5. Bb5 Bd7 6. O-O g6 7. d3 h6 8. Bxc6
Bxc6 9. e5 dxe5 10. Nxe5 Rc8 11. Re1 Bg7 12. Nc3 b6 13. a4 Bb7 14. a5 g5 15.
Qa4+ Nd7 16. a6 Ba8 17. Qxd7+ Qxd7 18. Nxd7 Kxd7 19. Nb5 Bc6 20. Nxa7 Rc7 21.
Nxc6 Kxc6 22. f4 g4 23. f5 Ra7 24. Re4 h5 25. Rea4 b5 26. Ra5 Rd8 27. Kf1 Rd5
28. Be3 Bxb2 29. Rb1 Bd4 30. Bxd4 cxd4 31. f6 exf6 32. Ke2 Kb6 33. Rba1 h4 34.
R5a2 f5 35. g3 h3 36. Kf2 Re5 37. Ra3 Re3 38. R3a2 f4 39. c4 dxc3 0-1

[Event "chess.com Speed 1m+1spm 2017"]
[Site "chess.com INT"]
[Date "2017.08.03"]
[Round "1.19"]
[White "Rapport, Richard"]
[Black "Grischuk, Alexander"]
[Result "0-1"]
[WhiteTitle "GM"]
[BlackTitle "GM"]
[WhiteElo "2698"]
[BlackElo "2750"]
[WhiteFideId "738590"]
[BlackFideId "4126025"]
[EventDate "2017.05.03"]

1. b3 d5 2. Bb2 Bf5 3. Nf3 e6 4. g3 h6 5. Bg2 Nf6 6. O-O Be7 7. d3 O-O 8. Nbd2
a5 9. a3 Bh7 10. c4 c6 11. Qc2 Na6 12. Rab1 Rc8 13. Rfc1 Nd7 14. Qd1 b5 15. Nd4
Qb6 16. cxb5 cxb5 17. Rxc8 Rxc8 18. Rc1 Bc5 19. Qf1 Rc7 20. e3 Be7 21. Rxc7 Nxc7
22. e4 Bf6 23. Qa1 Nc5 24. Bf1 dxe4 25. dxe4 Nxe4 26. Nxe4 Bxe4 27. a4 bxa4 28.
bxa4 Nd5 29. Nb5 Bxb2 30. Qxb2 Nf6 31. Qd2 Bd5 32. Be2 Ne4 33. Qe1 Nc5 34. Qd1
g5 35. Qd4 Nd7 36. Qc3 Qc5 37. Qxa5 Qc1+ 38. Bf1 Ne5 39. Qd8+ Kg7 40. Nd4 Qd1
41. Nxe6+ fxe6 42. Qe7+ Nf7 43. Qb4 Qf3 44. Qd4+ e5 0-1

[Event "chess.com Speed 1m+1spm 2017"]
[Site "chess.com INT"]
[Date "2017.08.03"]
[Round "1.20"]
[White "Grischuk, Alexander"]
[Black "Rapport, Richard"]
[Result "1-0"]
[WhiteTitle "GM"]
[BlackTitle "GM"]
[WhiteElo "2750"]
[BlackElo "2698"]
[WhiteFideId "4126025"]
[BlackFideId "738590"]
[EventDate "2017.05.03"]

1. e4 d6 2. d4 g6 3. Nc3 Bg7 4. Be3 a6 5. Nf3 Nd7 6. Bd3 e6 7. O-O Ne7 8. Ne2 h6
9. Ng3 b6 10. c3 Bb7 11. a4 Kf8 12. Re1 Kg8 13. b4 Kh7 14. Rc1 Kg8 15. h3 Nf8
16. Qd2 Nd7 17. Qa2 Qe8 18. a5 b5 19. c4 bxc4 20. Rxc4 c6 21. Rcc1 d5 22. Nd2
dxe4 23. Ngxe4 Nd5 24. Nc4 Nxb4 25. Qb1 Nxd3 26. Qxd3 Qe7 27. Rb1 Nf6 28. Ned6
Bc8 29. Bf4 Nd5 30. Be5 Bd7 31. Rb7 Rd8 32. Nb6 Kh7 33. Qxa6 Nxb6 34. axb6 c5
35. Bxg7 Kxg7 36. dxc5 Qg5 37. Qa1+ Kg8 38. Rc7 Rh7 39. b7 Qd5 40. Rxd7 1-0

[Event "chess.com Speed 1m+1spm 2017"]
[Site "chess.com INT"]
[Date "2017.08.03"]
[Round "1.21"]
[White "Rapport, Richard"]
[Black "Grischuk, Alexander"]
[Result "0-1"]
[WhiteTitle "GM"]
[BlackTitle "GM"]
[WhiteElo "2698"]
[BlackElo "2750"]
[WhiteFideId "738590"]
[BlackFideId "4126025"]
[EventDate "2017.05.03"]

1. g3 g6 2. Bg2 Bg7 3. d4 d5 4. Nf3 Nf6 5. O-O O-O 6. c4 c6 7. b3 dxc4 8. bxc4
c5 9. Bb2 cxd4 10. Nxd4 Nc6 11. Nxc6 bxc6 12. Nd2 Qc7 13. Qa4 Rb8 14. Nb3 Bg4
15. Bc3 Rfc8 16. h3 Bd7 17. Ba5 Qe5 18. Rad1 Qh5 19. g4 Bxg4 20. hxg4 Nxg4 21.
Rfe1 Qh2+ 22. Kf1 Qh4 23. Kg1 Qxf2+ 24. Kh1 Qh4+ 25. Kg1 Qf2+ 26. Kh1 Be5 27.
Rd3 Qh4+ 28. Kg1 Bh2+ 29. Kh1 Bg3+ 30. Kg1 Bxe1 31. Rf3 Bf2+ 32. Kf1 Nh2# 0-1

[Event "chess.com Speed 1m+1spm 2017"]
[Site "chess.com INT"]
[Date "2017.08.03"]
[Round "1.22"]
[White "Grischuk, Alexander"]
[Black "Rapport, Richard"]
[Result "1-0"]
[WhiteTitle "GM"]
[BlackTitle "GM"]
[WhiteElo "2750"]
[BlackElo "2698"]
[WhiteFideId "4126025"]
[BlackFideId "738590"]
[EventDate "2017.05.03"]

1. e4 g6 2. d4 Nf6 3. e5 Nh5 4. Nf3 d6 5. Bc4 c6 6. Ng5 d5 7. Be2 Ng7 8. O-O h6
9. Nf3 Bg4 10. Nbd2 e6 11. h3 h5 12. Nb3 Bxf3 13. Bxf3 Nf5 14. a4 Na6 15. c3 Nc7
16. a5 Be7 17. Bd2 Kf8 18. Nc1 Kg7 19. Nd3 Bg5 20. Nf4 Bh6 21. g3 Na6 22. b4 Nc7
23. Re1 Nb5 24. Qc2 Bg5 25. Qd3 Be7 26. h4 Qd7 27. Bg2 a6 28. Bh3 Rh7 29. Qf3
Nc7 30. Nd3 Kh8 31. Nc5 Qc8 32. Bf4 Rb8 33. Ra2 Qg8 34. Nd7 Qd8 35. Nxb8 Qxb8
36. Bxf5 gxf5 37. Bg5 Bxg5 38. hxg5 Kg7 39. Qf4 Kg6 40. f3 Nb5 41. Rc1 Qd8 42.
Rh2 Na3 43. Kf2 Nb5 44. Qh4 Qxg5 45. Qxg5+ Kxg5 46. Rh4 Kg6 47. Ke3 Kg5 48. Kd3
Nc7 49. Rch1 Ne8 50. g4 fxg4 51. Rxg4+ hxg4 52. Rxh7 g3 53. Ke2 Kg6 54. Rh8 Nc7
55. Rb8 Nb5 56. Rxb7 Nxc3+ 57. Kf1 Nb5 58. Rb6 Nxd4 59. Rxa6 Nxf3 60. Ra8 Kf5
61. a6 d4 62. a7 d3 63. Rd8 d2 64. a8=Q Kf4 65. Qxc6 1-0

[Event "chess.com Speed 1m+1spm 2017"]
[Site "chess.com INT"]
[Date "2017.08.03"]
[Round "1.23"]
[White "Rapport, Richard"]
[Black "Grischuk, Alexander"]
[Result "0-1"]
[WhiteTitle "GM"]
[BlackTitle "GM"]
[WhiteElo "2698"]
[BlackElo "2750"]
[WhiteFideId "738590"]
[BlackFideId "4126025"]
[EventDate "2017.05.03"]

1. d4 Nf6 2. Bg5 c5 3. d5 Ne4 4. Bc1 d6 5. c3 Nf6 6. e4 g6 7. Bd3 Bg7 8. c4 O-O
9. Nc3 e6 10. Nge2 Ng4 11. h4 h6 12. h5 g5 13. f4 gxf4 14. Bxf4 Na6 15. a3 Nc7
16. Qd2 b5 17. cxb5 exd5 18. exd5 a6 19. b6 Nb5 20. Bxb5 axb5 21. Nxb5 Qxb6 22.
Nxd6 Qxb2 23. Qxb2 Bxb2 24. Rb1 Bxa3 25. O-O c4 26. Ng3 Bc5+ 27. Kh1 Nf2+ 28.
Kh2 Ng4+ 29. Kh1 Nf2+ 30. Rxf2 Bxf2 31. Nge4 Bh4 32. Bxh6 Rd8 33. Rc1 f5 34.
Nxc8 Raxc8 35. Nc3 Bf6 36. Na4 c3 37. g3 c2 38. Nb6 Rc3 39. Na4 Ra3 0-1